000 00228nam a22000857a 4500
008 161206b xxu||||| |||| 00| 0 eng d
100 _91841
_aSharma. J
245 _aScience and technology -6
260 _aNew delhi
_bFrank brothers
_c2006
999 _c4588
_d4588